| 000 | 00370nam a2200145Ia 4500 | ||
|---|---|---|---|
| 008 | 191201s2005 xx 000 0 und d | ||
| 082 |
_a621.3 _bSEC |
||
| 100 | _aSETH, S P | ||
| 245 | 2 | _aA Course in Electrical Engineering Materials | |
| 250 | _a3rd | ||
| 260 |
_aNew Delhi _bDhanpat Rai Pub (P) Ltd _c2005 |
||
| 300 | _a9.20 | ||
| 650 | _aB.Tech(ECE) | ||
| 942 |
_2ddc _cBK |
||
| 999 |
_c1029 _d1029 |
||